Lectura del evangelio de Juan
Uloženo v:
| Hlavní autor: | |
|---|---|
| Médium: | Kniha |
| Jazyk: | španělština |
| Vydáno: |
Salamanca
Sígueme
2000
|
| Vydání: | 3a. ed |
| Edice: | Biblioteca de Estudios Bíblicos, 68-69-70, 96
|
| Témata: | |
| Tagy: |
Přidat tag
Žádné tagy, Buďte první, kdo vytvoří štítek k tomuto záznamu!
|
MARC
| LEADER | 00000nam a2200000 a 4500 | ||
|---|---|---|---|
| 001 | UCJ1092 | ||
| 003 | CL-VaPUC | ||
| 008 | 060929e20000000SP |||||||||||||||||spa|d | ||
| 020 | |a 8430110941 | ||
| 020 | |a 843011095Xv.1 | ||
| 020 | |a 8430111670v.2 | ||
| 020 | |a 8430112618v.3 | ||
| 020 | |a 84301324Xv.4 | ||
| 082 | 0 | 4 | |a 226.5 |b LEO |2 21 |
| 100 | |a Léon-Dufour, Xavier |e author |9 501622 | ||
| 245 | 1 | 0 | |a Lectura del evangelio de Juan |
| 250 | |a 3a. ed | ||
| 300 | |a v | ||
| 942 | |c BK | ||
| 945 | |d 20060929 00:00:00 |a cmena | ||
| 260 | |a Salamanca |b Sígueme |c 2000 | ||
| 500 | |a v.1:Jn 1-4 | ||
| 500 | |a v.2: Jn 5-12 | ||
| 500 | |a v.3: Jn 13-17 | ||
| 500 | |a v.4: Jn 18-21 | ||
| 600 | 0 | 7 | |a BIBLIA |2 CL-VaPUC |9 399806 |
| 600 | 0 | |a San Juan Evangelista |9 337229 | |
| 650 | 0 | |a Crítica e interpretación |9 255042 | |
| 650 | 0 | |a Textos sagrados |9 257605 | |
| 650 | 0 | |a Evangelios |9 314864 | |
| 583 | |a last modification |c 20060929 00:00:00 |k Rodrigo Vera | ||
| 490 | 0 | |a Biblioteca de Estudios Bíblicos, 68-69-70, 96 | |
| 999 | |c 317805 |d 317803 | ||
| 952 | |0 0 |1 0 |4 0 |6 226_500000000000000_LEO_2000 |7 0 |8 A |9 394768 |a BIBTEO |b BIBTEO |d 2019-11-22 |h v.1 |i 4245334 |l 3 |m 1 |o 226.5 LEO 2000 |p 4245334 |r 2025-01-17 |s 2024-05-16 |w 2019-11-22 |y BK |k ICR | ||
| 952 | |0 0 |1 0 |4 0 |6 226_500000000000000_LEO_2000 |7 0 |8 A |9 394769 |a BIBTEO |b BIBTEO |d 2019-11-22 |h v.2 |i 4245342 |o 226.5 LEO 2000 |p 4245342 |r 2025-01-17 |w 2019-11-22 |y BK |k ICR | ||
| 952 | |0 0 |1 0 |4 0 |6 226_500000000000000_LEO_2000 |7 0 |8 A |9 394770 |a BIBTEO |b BIBTEO |d 2019-11-22 |h v.3 |i 4245350 |o 226.5 LEO 2000 |p 4245350 |r 2025-01-17 |w 2019-11-22 |y BK |k ICR | ||
| 952 | |0 0 |1 0 |4 0 |6 226_500000000000000_LEO_2000 |7 0 |8 A |9 394771 |a BIBTEO |b BIBTEO |d 2019-11-22 |h v.4 |i 4245369 |o 226.5 LEO 2000 |p 4245369 |r 2025-01-17 |w 2019-11-22 |y BK |k ICR | ||